[Event "Bucharest Gaudeamus Cup 3rd"]
[Site "Bucharest"]
[Date "2011.06.19"]
[Round "4"]
[White "Dragomir, Nicolae Laurentiu"]
[Black "Florescu, Codrut Constantin"]
[Result "0-1"]
[WhiteElo "2090"]
[BlackElo "2262"]
[PlyCount "42"]
[EventDate "2011.06.17"]
[EventType "swiss"]
[EventRounds "5"]
[EventCountry "ROU"]
[SourceTitle "CBM 143 Extra"]
[Source "ChessBase"]
[SourceDate "2011.08.29"]
[SourceVersion "1"]
[SourceVersionDate "2011.08.29"]
[SourceQuality "1"]

1. d4 Nf6 2. c4 e6 3. Nf3 b6 4. g3 Ba6 5. Qc2 c5 6. Bg2 Nc6 7. dxc5 bxc5 8. 0-0 Be7 9. Rd1 0-0 10. b3 d5 11. cxd5 exd5 12. Bb2 Nb4 13. Qc3 Bxe2 14. Rd2 d4 15. Nxd4 cxd4 16. Rxd4 Qxd4 17. Qxd4 Rad8 18. Bd5 Rxd5 19. Qe3 Rd1+ 20. Kg2 Bf1+ 21. Kf3 Rd3 0-1

[Event "Bucharest Gaudeamus Cup 3rd"]
[Site "Bucharest"]
[Date "2011.06.17"]
[Round "1"]
[White "Mihalea, Stefan"]
[Black "Dragomir, Nicolae Laurentiu"]
[Result "0-1"]
[WhiteElo "1781"]
[BlackElo "2090"]
[PlyCount "88"]
[EventDate "2011.06.17"]
[EventType "swiss"]
[EventRounds "5"]
[EventCountry "ROU"]
[SourceTitle "CBM 143 Extra"]
[Source "ChessBase"]
[SourceDate "2011.08.29"]
[SourceVersion "1"]
[SourceVersionDate "2011.08.29"]
[SourceQuality "1"]

1. e4 Nc6 2. Bc4 Nf6 3. d3 e5 4. Bg5 Na5 5. Nd2 Bc5 6. Ngf3 Nxc4 7. Nxc4 d6 8. Qd2 a6 9. Qc3 h6 10. Bh4 Qe7 11. h3 d5 12. Qxe5 dxc4 13. Bxf6 gxf6 14. Qxe7+ Kxe7 15. dxc4 Be6 16. b3 Rhd8 17. Ke2 f5 18. e5 f4 19. Ne1 Bd4 20. Rd1 Bxe5 21. Nd3 f6 22. Kf3 Bf5 23. Rhe1 Bxd3 24. cxd3 Rd4 25. Re4 Rad8 26. Rxd4 Rxd4 27. Ke2 Kd6 28. b4 Kc6 29. Rb1 Rd8 30. Rb3 Ra8 31. Kf3 a5 32. b5+ Kc5 33. a4 Kd4 34. Ke2 Rg8 35. Kf3 Bd6 36. h4 h5 37. c5 Kxc5 38. Rc3+ Kd4 39. Rc4+ Kxd3 40. Re4 Be5 41. Re1 Kc2 42. Rg1 Kb3 43. g3 fxg3 44. fxg3 Kxa4 0-1

[Event "Bucharest op"]
[Site "Bucharest"]
[Date "2007.09.??"]
[Round "?"]
[White "Dragomir, Nicolae Laurentiu"]
[Black "Ciobanu, Aurelian"]
[Result "0-1"]
[WhiteElo "2042"]
[BlackElo "2234"]
[PlyCount "92"]
[EventDate "2007.09.??"]
[EventType "swiss"]
[EventRounds "9"]
[EventCountry "ROU"]
[SourceTitle "EXT 2010"]
[Source "ChessBase"]
[SourceDate "2010.11.25"]
[SourceVersion "1"]
[SourceVersionDate "2010.11.25"]
[SourceQuality "1"]

1. e4 e5 2. Nf3 Nc6 3. Bb5 Nf6 4. 0-0 Nxe4 5. d4 Nd6 6. Bxc6 bxc6 7. dxe5 Nb7 8. Nd4 Be7 9. Qg4 0-0 10. Bh6 g6 11. Bxf8 Bxf8 12. Nc3 c5 13. Nf3 d5 14. Qg5 Be7 15. Qd2 c6 16. h3 Bf5 17. Ne2 a5 18. Ng3 Be6 19. Rad1 a4 20. b3 Qa5 21. Qh6 Qc3 22. Rd3 Qxc2 23. Ne1 Qb2 24. f4 Bf8 25. Qh4 axb3 26. axb3 c4 27. bxc4 dxc4 28. Ne4 h6 29. Nf6+ Kh8 30. Rg3 Bf5 31. Nh5 Qd4+ 32. Kh2 Qd8 33. Nf6 Nc5 34. Rg5 Ne4 35. Nxe4 Bxe4 36. Rg4 Qxh4 37. Rxh4 Ra1 38. f5 gxf5 39. Rxe4 fxe4 40. Rxf7 Rxe1 41. Rxf8+ Kg7 42. Rf4 c3 43. e6 c2 44. e7 c1Q 45. Rf5 Rh1+ 46. Kg3 Qa3+ 0-1

[Event "Bucharest op"]
[Site "Bucharest"]
[Date "2007.09.??"]
[Round "?"]
[White "Panush, Viktor"]
[Black "Dragomir, Nicolae Laurentiu"]
[Result "1-0"]
[WhiteElo "2257"]
[BlackElo "2042"]
[PlyCount "84"]
[EventDate "2007.09.??"]
[EventType "swiss"]
[EventRounds "9"]
[EventCountry "ROU"]
[SourceTitle "EXT 2010"]
[Source "ChessBase"]
[SourceDate "2010.11.25"]
[SourceVersion "1"]
[SourceVersionDate "2010.11.25"]
[SourceQuality "1"]

1. e4 e6 2. d4 d5 3. Nc3 Bb4 4. e5 c5 5. a3 Bxc3+ 6. bxc3 Qa5 7. Bd2 Qa4 8. Nf3 c4 9. Be2 Nc6 10. 0-0 Bd7 11. Ng5 Nge7 12. Bh5 Ng6 13. Rb1 b6 14. Bc1 f6 15. Nxh7 Kf7 16. Ng5+ fxg5 17. Qf3+ Kg8 18. Bxg6 Rf8 19. Qg4 Ne7 20. Rb4 Qa5 21. Qxg5 Nc6 22. Rb1 Qxc3 23. Bb2 Qa5 24. c3 Qa6 25. f4 Qc8 26. Rf3 Be8 27. Bc2 Rh5 28. Qg4 Rh6 29. Rh3 Rxh3 30. Qxh3 g6 31. Qh6 Ne7 32. g4 Rf7 33. Rf1 Rg7 34. Rf3 Qa6 35. Rh3 Kf8 36. Qh8+ Kf7 37. Rh7 Rxh7 38. Qxh7+ Kf8 39. a4 Qb7 40. Ba3 Bf7 41. Qh8+ Bg8 42. Qf6+ Ke8 1-0

[Event "Bucharest Rizea Memorial"]
[Site "Bucharest"]
[Date "2007.??.??"]
[Round "9"]
[White "Ionesi, Cristian"]
[Black "Dragomir, Nicolae Laurentiu"]
[Result "1-0"]
[WhiteElo "2306"]
[BlackElo "2042"]
[PlyCount "97"]
[EventDate "2007.11.17"]
[EventType "swiss"]
[EventRounds "9"]
[EventCountry "ROU"]
[SourceTitle "EXT 2010"]
[Source "ChessBase"]
[SourceDate "2010.11.25"]
[SourceVersion "1"]
[SourceVersionDate "2010.11.25"]
[SourceQuality "1"]

1. e4 Nc6 2. d4 e5 3. Nf3 exd4 4. Bc4 Nf6 5. 0-0 Bc5 6. e5 Ng4 7. Bf4 0-0 8. h3 Nh6 9. Bxh6 gxh6 10. Nbd2 d6 11. Ne4 d5 12. Nf6+ Kg7 13. Qd3 Nxe5 14. Nh5+ Kh8 15. Nxe5 dxc4 16. Qxc4 Qe7 17. Rae1 Be6 18. Qd3 Rg8 19. Qf3 c6 20. Nf4 Rg5 21. Nxe6 fxe6 22. Nf7+ Kg7 23. Nxg5 hxg5 24. Qg4 e5 25. Kh1 Rf8 26. Re4 Rf4 27. Rxf4 exf4 28. Qd1 Qe4 29. Re1 Qd5 30. b3 Bd6 31. Qg4 Bb4 32. Re2 Kf6 33. Qh5 Qg8 34. Qh6+ Qg6 35. Qxg6+ Kxg6 36. Re8 b5 37. Re6+ Kf5 38. Rxc6 Ke4 39. Re6+ Kd5 40. Rh6 Ke4 41. Rxh7 a5 42. Rb7 Be1 43. Kg1 b4 44. Rb5 d3 45. cxd3+ Kxd3 46. Rxa5 Kc2 47. Rxg5 Kb1 48. Ra5 Bc3 49. Ra4 1-0